000 00218nam a22000857a 4500
008 161220b xxu||||| |||| 00| 0 eng d
100 _92151
_aAggarwal.M.L.
245 _aCCE Mathematics-Q.B.-X
260 _aNew Delhi
_bAPC
_c2010
999 _c5041
_d5041